El esplendor de Barcelona a fines de la Edad Media y la topografía gremial (Record no. 24927)

MARC details
000 -LEADER
campo de control de longitud fija 00925nam a2200217 i 4500
001 - NÚMERO DE CONTROL
campo de control 24927
003 - IDENTIFICADOR DE NÚMERO DE CONTROL
campo de control ES-MaACL
005 - FECHA Y HORA DE LA ÚLTIMA TRANSACCIÓN
campo de control 20250815015205.0
007 - CAMPO FIJO DE DESCRIPCIÓN FÍSICA--INFORMACIÓN GENERAL
campo de control de longitud fija t|
008 - DATOS DE LONGITUD FIJA--INFORMACIÓN GENERAL
campo de control de longitud fija 021219s1950 sp ||||1| spa d
100 1# - ENTRADA PRINCIPAL--NOMBRE DE PERSONA
Nombre de persona Udina i Martorell, Frederic (
Fechas asociadas al nombre 1914-2011)
9 (RLIN) 111869
245 13 - MENCIÓN DEL TÍTULO
Título El esplendor de Barcelona a fines de la Edad Media y la topografía gremial
Resto del título : conferencia /
Mención de responsabilidad, etc. por D. Federico Udina Martorell.
260 ## - PUBLICACIÓN, DISTRIBUCIÓN, ETC.
Lugar de publicación, distribución, etc. Barcelona :
Nombre del editor, distribuidor, etc. [s.n.],
Fecha de publicación, distribución, etc. 1950 (
Fabricante Imp. de A. Ortega)
300 ## - DESCRIPCIÓN FÍSICA
Extensión 16 p. ;
Dimensiones 22 cm.
490 1# - MENCIÓN DE SERIE
Mención de serie Apuntes para la historia de la industria textil española ;
Designación de volumen o secuencia 2
500 ## - NOTA GENERAL
Nota general Precede a tít.: Asociación Nacional de Ingenieros de Industrias Textiles.
710 2# - ENTRADA AGREGADA--NOMBRE DE ENTIDAD CORPORATIVA
Nombre de entidad corporativa o nombre de jurisdicción como elemento de entrada Asociación Nacional de Ingenieros de Industrias Textiles (España)
9 (RLIN) 1759
830 00 - PUNTO DE ACCESO ADICIONAL DE SERIE-TÍTULO UNIFORME
Título uniforme Apuntes para la historia de la industria textil española
Designación de volumen o secuencia 2
9 (RLIN) 192796
852 ## - LOCALIZACIÓN
Ubicación ES-MaACL
Número de control de estantería E-3505
Holdings
Estatus retirado Estado de pérdida Estado de daño No para préstamo Biblioteca de origen Biblioteca actual Ubicación en estantería Fecha de adquisición Fuente de adquisición Total de préstamos Signatura topográfica completa Código de barras Visto por última vez Precio de reemplazo Tipo de ítem Koha
        Biblioteca del Ateneo de Madrid Biblioteca del Ateneo de Madrid Depósito 2 17/01/2008     E-3505 1025700 23/02/2023 23/02/2023 Libro impreso